[Event "Madrid 2019-2020 ch - Previa A"]
[Site "Madrid ESP"]
[Date "2020.02.19"]
[Round "9.30"]
[White "Arevillca Colque, Jonatan"]
[Black "Sarabia Diaz, Santiago"]
[Result "0-1"]
[WhiteElo "1004"]
[BlackElo "1724"]
[PlyCount "66"]
[EventDate "2020.02.03"]
[EventType "swiss"]
[EventRounds "9"]
[EventCountry "ESP"]
[SourceTitle "Ajedrez en Madrid"]
[Source "lmi"]
[SourceDate "2020.02.03"]
[SourceVersion "1"]
[SourceVersionDate "2020.02.27"]
[SourceQuality "1"]

1. e4 c5 2. Nf3 d6 3. d4 cxd4 4. Nxd4 Nf6 5. Nc3 g6 6. Bb5+ Bd7 7. Bxd7+ Qxd7
8. Nf3 Bg7 9. h3 Nc6 10. O-O O-O 11. a3 Rac8 12. Nd5 Nxe4 13. Re1 Nf6 14. b4
Nxd5 15. Rb1 Nc3 16. Qd3 Nxb1 17. Be3 Nc3 18. b5 Na5 19. Bxa7 Nc4 20. b6 Nxa3
21. Rc1 Qb5 22. Qxb5 Naxb5 23. Kf1 Nxa7 24. bxa7 Nb5 25. Rb1 Nxa7 26. Rxb7 Nc6
27. Ne1 Rb8 28. Rc7 Rfc8 29. Rd7 Kf8 30. Nd3 Ke8 31. Nc5 dxc5 32. Rd5 Nd4 33.
c3 Rb1# 0-1

[Event "Madrid 2019-2020 ch - Previa A"]
[Site "Madrid ESP"]
[Date "2020.02.19"]
[Round "9.31"]
[White "Casal Martin, Jose M"]
[Black "Suarez Mencia, Roberto"]
[Result "0-1"]
[WhiteElo "1473"]
[BlackElo "1387"]
[PlyCount "48"]
[EventDate "2020.02.03"]
[EventType "swiss"]
[EventRounds "9"]
[EventCountry "ESP"]
[SourceTitle "Ajedrez en Madrid"]
[Source "lmi"]
[SourceDate "2020.02.03"]
[SourceVersion "1"]
[SourceVersionDate "2020.02.27"]
[SourceQuality "1"]

1. e4 c5 2. Nf3 Nc6 3. d4 cxd4 4. Nxd4 a6 5. Be2 Nf6 6. Nc3 e5 7. Nb3 Bb4 8.
Qd3 Bxc3+ 9. bxc3 O-O 10. O-O d6 11. a4 b6 12. Ba3 Re8 13. Rfd1 Re6 14. Bf3 Ne8
15. Nd2 Rh6 16. g3 Bh3 17. Nc4 Qf6 18. Nxb6 Rd8 19. Nd5 Qg6 20. Qxa6 Bg4 21.
Qxc6 Qh5 22. h4 Bxf3 23. Ne7+ Kh8 24. Qb6 Qxh4 0-1